El Crepúsculo de los ídolos

Kaydedildi:
Detaylı Bibliyografya
Yazar: Nietzsche, Federico
Materyal Türü: Kitap
Dil:Undetermined
Baskı/Yayın Bilgisi: Buenos Aires, Argentina Ediciones Selectas Sela 1945
Konular:
Etiketler: Etiketle
Etiket eklenmemiş, İlk siz ekleyin!

MARC

LEADER 00000nam a2200000Ia 4500
008 170316s9999 xx 000 0 und d
090 |a 100 N-6c 
100 |a Nietzsche, Federico 
245 |a El Crepúsculo de los ídolos 
260 |a Buenos Aires, Argentina 
260 |b Ediciones Selectas Sela 
260 |c 1945 
300 |a 154 páginas 
650 |a FILOSOFÍA 
999 |c 17162  |d 17162 
040 |a cru BVZT 
942 |c 15 D  |h 100 N-6c  |2 z